Faculty of Law Library — Cairo University

Official Online Catalog

Le Code De La Circulation : (Record no. 73781)

MARC details
000 -LEADER
fixed length control field 00979nam a2200289 i 4500
003 - CONTROL NUMBER IDENTIFIER
control field EG-GICUC
005 - DATE AND TIME OF LATEST TRANSACTION
control field 20260428092421.0
008 - FIXED-LENGTH DATA ELEMENTS--GENERAL INFORMATION
fixed length control field 260428s1965 be adk|fr|||| 000 0 fre d
040 ## - CATALOGING SOURCE
Original cataloging agency EG-GiCUC
Language of cataloging fre
Transcribing agency EG-GiCUC
Modifying agency EG-GiCUC
Description conventions Rda
041 #0 - LANGUAGE CODE
Language code of text/sound track or separate title fre
082 04 - DEWEY DECIMAL CLASSIFICATION NUMBER
Edition number 21
Classification number 343.432
Item number RO . C
092 04 - LOCALLY ASSIGNED DEWEY CALL NUMBER (OCLC)
Edition number 21
099 ## - LOCAL FREE-TEXT CALL NUMBER (OCLC)
Classification number Law1 10 343.432 RO . C 1956
100 0# - MAIN ENTRY--PERSONAL NAME
Personal name Roye, Roger Van
Relator term Auteur
245 13 - TITLE STATEMENT
Title Le Code De La Circulation :
Remainder of title Commentaire juridique et pratique des lois et règlements relatifs à la Circulation Routière /
Statement of responsibility, etc. Roger Van Roye.
264 #1 - PRODUCTION, PUBLICATION, DISTRIBUTION, MANUFACTURE, AND COPYRIGHT NOTICE
Place of production, publication, distribution, manufacture Bruxelles :
Name of producer, publisher, distributor, manufacturer Maison Ferdinand Larcier,
Date of production, publication, distribution, manufacture, or copyright notice 1956.
300 ## - PHYSICAL DESCRIPTION
Extent 1191page :
Other physical details illustration,
Dimensions 24 cm.
336 ## - CONTENT TYPE
Source rda contenu
Content type term texte
337 ## - MEDIA TYPE
Source rda medias
Media type term Ordinateur
338 ## - CARRIER TYPE
Source transporteur rda
Carrier type term Ressource en ligne
504 ## - BIBLIOGRAPHY, ETC. NOTE
Bibliography, etc. note <br/>
546 ## - LANGUAGE NOTE
Language note Texte en français
650 14 - SUBJECT ADDED ENTRY--TOPICAL TERM
Topical term or geographic name entry element Droit pénal
856 40 - ELECTRONIC LOCATION AND ACCESS
Uniform Resource Identifier <a href="https://fll.law.cu.edu.eg/fulltext/bks/B10-10685.pdf">https://fll.law.cu.edu.eg/fulltext/bks/B10-10685.pdf</a>
905 ## - Cataloger and Reviser Names
Cataloger Name: Basma Mohamed
942 ## - ADDED ENTRY ELEMENTS (KOHA)
Source of classification or shelving scheme Dewey Decimal Classification
Koha item type Books
Edition 21
Suppress in OPAC No
Holdings
Withdrawn status Lost status Source of classification or shelving scheme Damaged status Not for loan Collection Home library Current library Date acquired Total checkouts Full call number Barcode Date last seen Copy number Price effective from Koha item type
    Dewey Decimal Classification   Not for loan القانون الجنائي جــــامعة القــاهرة مكتبة كلية الحقوق - المبنى الرئيسي 28.04.2026   Law1 10 343.432 RO . C 1956 1010685 C1 B10-10685 28.04.2026 1 28.04.2026 Books

© All rights reserved — Faculty of Law, Cairo University